<?xml version="1.0" encoding="UTF-8"?>
<marc:record xmlns:marc="http://www.loc.gov/MARC21/slim">
   <marc:leader>00000nam a2200000 a 4500</marc:leader>
   <marc:datafield ind1="1" ind2=" " tag="100">
      <marc:subfield code="a">Clemen, Gina D. B.</marc:subfield>
      <marc:subfield code="4">aut</marc:subfield>
      <marc:subfield code="e">Verfasser/-in</marc:subfield>
   </marc:datafield>
   <marc:datafield ind1=" " ind2=" " tag="653">
      <marc:subfield code="a">Softcover / Schule</marc:subfield>
   </marc:datafield>
   <marc:datafield ind1=" " ind2=" " tag="653">
      <marc:subfield code="a">Lernen/Lektüren</marc:subfield>
   </marc:datafield>
   <marc:datafield ind1=" " ind2=" " tag="653">
      <marc:subfield code="a">Interpretationen</marc:subfield>
   </marc:datafield>
   <marc:datafield ind1=" " ind2=" " tag="653">
      <marc:subfield code="a">Lektürehilfen/Englisch</marc:subfield>
   </marc:datafield>
   <marc:datafield ind1="0" ind2="0" tag="245">
      <marc:subfield code="a">Mystery in New Orleans - Buch mit Audio-CD + Web Acitivities</marc:subfield>
   </marc:datafield>
   <marc:datafield ind1="0" ind2="0" tag="245">
      <marc:subfield code="b">Englisch</marc:subfield>
   </marc:datafield>
   <marc:datafield ind1="0" ind2="0" tag="245">
      <marc:subfield code="c">Gina D. B. Clemen</marc:subfield>
   </marc:datafield>
   <marc:datafield ind1=" " ind2="1" tag="264">
      <marc:subfield code="a">München</marc:subfield>
      <marc:subfield code="b">Langenscheidt ELT</marc:subfield>
      <marc:subfield code="c">2015</marc:subfield>
   </marc:datafield>
   <marc:datafield ind1="1" ind2=" " tag="490">
      <marc:subfield code="a">Black Cat Reading &amp; Training - Step 2</marc:subfield>
   </marc:datafield>
   <marc:datafield ind1="1" ind2=" " tag="520">
      <marc:subfield code="a">Angaben aus der Verlagsmeldung

Mystery in New Orleans - Buch mit Audio-CD + Web Acitivities : Englisch / von Gina D. B. Clemen

Ein wertvoller Naturpark ist in Gefahr. Wird das rettende Testament noch fr&amp;uuml;h genug gefunden, um den Park und seine Tiere zu bewahren? Drei engagierte Freunde unterst&amp;uuml;tzen die polizeilichen Ermittlungen. Dieser Krimi f&amp;uuml;r die Niveaustufe B1.1 bietet nciht nur eine fesselnde Geschichte, sondern auch jeden Menge abwechslungsreiche &amp;Uuml;bungen zu Vokabelarbeit, Grammatiktraining, f&amp;uuml;r H&amp;ouml;r- und Textverst&amp;auml;ndnis etc.

Didaktisierte Ausgabe zur Vorbereitungs von PET und Trinity Exam (Grade 4) inkl. Audio-CD f&amp;uuml;r H&amp;ouml;rverst&amp;auml;ndnis&amp;uuml;bungen und f&amp;uuml;r eine korrekte Aussprache
</marc:subfield>
   </marc:datafield>
   <marc:datafield ind1=" " ind2=" " tag="020">
      <marc:subfield code="a">9783526521600</marc:subfield>
      <marc:subfield code="9">9783526521600</marc:subfield>
   </marc:datafield>
   <marc:datafield ind1=" " ind2=" " tag="020">
      <marc:subfield code="a">3526521603</marc:subfield>
      <marc:subfield code="9">3526521603</marc:subfield>
   </marc:datafield>
   <marc:datafield ind1=" " ind2=" " tag="041">
      <marc:subfield code="a">ger</marc:subfield>
   </marc:datafield>
   <marc:datafield ind1=" " ind2=" " tag="300">
      <marc:subfield code="a">96 S.</marc:subfield>
   </marc:datafield>
</marc:record>
